Studies on the venom from Bungarus fasciatus : elucidation of its mode of action on the nervous system /
Saved in:
| Main Author: | |
|---|---|
| Format: | Thesis Book |
| Language: | English |
| Published: |
1989.
|
| Subjects: | |
| Tags: |
Add Tag
No Tags, Be the first to tag this record!
|
| LEADER | 01299cam a2200337 4500 | ||
|---|---|---|---|
| 001 | u85152 | ||
| 003 | SIRSI | ||
| 008 | 900301s1989 my t q00 eng m | ||
| 035 | |a AAJ-2576 | ||
| 040 | |a UMM | ||
| 043 | |a a-my--- | ||
| 050 | 1 | |a QP941 | |
| 090 | |a QP941 |b S6Sha | ||
| 091 | |a Microfilm 2433. | ||
| 100 | 1 | 0 | |a Shahgasempour, Shapour |
| 245 | 1 | 0 | |a Studies on the venom from Bungarus fasciatus : |b elucidation of its mode of action on the nervous system / |c by Shapour Shahgasempour |
| 260 | |c 1989. | ||
| 300 | |a xxv, 191 leaves ; |c 28 cm. | ||
| 500 | |a Also available on microfilm. Kuala Lumpur : Perpustakaan Universiti Malaya, 1996. 1 reel : negative ; 35 mm. | ||
| 502 | |a Dissertation (M.Sc.)-- Fakulti Perubatan, Universiti Malaya, 1989. | ||
| 504 | 0 | 0 | |a Bibliography: leaves 169-191. |
| 650 | 0 | |a Venoms |x Analysis. | |
| 650 | 0 | |a Elapidae. | |
| 650 | 0 | |a Poisonous snakes |x Venom. | |
| 650 | 0 | |a Snakes |z Malaysia. | |
| 650 | 0 | |a Poisonous snakes |z Malaysia. | |
| 650 | 0 | |a Bungarus fasciatus. | |
| 948 | |a 17/03/1991 |b 15/07/2002 | ||
| 596 | |a 1 | ||
| 999 | |a QP941 S6SHA |w LC |c 1 |i A010685780 |d 18/2/1993 |l STACKS |m P01UTAMA |n 7 |r Y |s Y |t TESIS |u 17/3/1992 | ||
| 999 | |a MICROFILM 2433-34,2436-37,2439,2486,2488 |w LC |c 1 |i A516669508 |d 27/9/2016 |f 27/9/2016 |g 1 |l MIKROFILM |m P01UTAMA |r Y |s Y |t MIKROFILEM |u 27/9/2016 | ||
